LEADER 01505nlm0 22004211i 450 001 990009242740403321 010 $a9783540712299 035 $a000924274 035 $aFED01000924274 035 $a(Aleph)000924274FED01 035 $a000924274 100 $a20100926d2007----km-y0itay50------ba 101 0 $aeng 102 $aDE 135 $adrnn-008mamaa 200 1 $aCompiler Construction$bRisorsa elettronica$e16th International Conference, CC 2007, Held as Part of the Joint European Conferences on Theory and Practice of Software, ETAPS 2007, Braga, Portugal, March 26-30, 2007. Proceedings$fedited by S 210 $aBerlin ; Heidelberg$cSpringer$d2007 225 1 $aLecture Notes in Computer Science$x0302-9743$v4420 230 $aDocumento elettronico 336 $aTesto 337 $aFormato html, pdf 702 1$aKrishnamurthi,$bShriram 702 1$aOdersky,$bMartin 801 0$aIT$bUNINA$gREICAT$2UNIMARC 856 4 $zFull text per gli utenti Federico II$uhttp://dx.doi.org/10.1007/978-3-540-71229-9 901 $aEB 912 $a990009242740403321 961 $aArtificial intelligence 961 $aArtificial Intelligence (incl. Robotics) 961 $aComputer science 961 $aComputer Science 961 $aLogic design 961 $aLogics and Meanings of Programs 961 $aMathematical Logic and Formal Languages 961 $aSoftware engineering 961 $aSoftware Engineering 996 $aCompiler Construction$9771871 997 $aUNINA